000 00372nam a22001697a 4500
003 UA-OsUOA
001 2823
007 ta
008 20050721b un ||||| |||| 00| 0 ukr d
100 _aHelgeland
700 _aGlenn
942 _cBK
040 _aUA-OsUOA
_cUA-OsUOA
_dUA-OsUOA
245 _aOn target for successful bowfishing.
_bFiction
955 _a2
650 7 _2UDC
999 _c288985
_d288985